Biblioteka Instytutu Północnego w Olsztynie

Widok standardowy Widok MARC

Pozycja Personal Name

Liczba rekordów, w których użyto hasła: 1

001 - Numer kontrolny

  • control field: 40886

003 - Identyfikator numeru kontrolnego

  • control field: NUKAT

005 - Data i czas ostatniej modyfikacji

  • control field: 20260429131007.0

008 - Dane kontrolne kodowane (40 znaków)

  • fixed length control field: 970106n||a|znnaabn |a aaa |c

010 ## - Numer kontrolny Biblioteki Kongresu

  • numer kontrolny LC: n 97009942

040 ## - Instytucja sporządzająca rekord

  • inst. przygot. dane do rek. khw: KR U/AG
  • język haseł przedmiotowych/tezaurus: kaba
  • inst. wprow. rek. khw: KR U/AG
  • inst. modyf. rek. khw: KR U/aps

100 1# - Hasło - nazwa osobowa

  • nazwa osobowa w formie ujednoliconej: Oleszkowicz, Ryszard
  • daty biograficzne: (1969- ).

670 ## - Źródło informacji

  • źródło informacji: Kp. Parafia Skołyszyn : 1986-1996 / oprac. Ryszard Oleszkowicz. - Skołyszyn, 1996.

670 ## - Źródło informacji

  • źródło informacji: Encyklopedia Jasła / pod red. Zdzisława Świstaka. - Jasło, 2010.
  • gdzie znaleziono informację: Aut. ; biogram
Biblioteka Instytutu Północnego, ul. Partyzantów 87, 10-402 Olsztyn, email: biblioteka(at)ip.olsztyn.pl